000 00510nam a22001817a 4500
005 20250328125446.0
010 _aENG-144331
020 _c180.00
035 _aEN-127863
037 _bDBAD
082 _a000
245 _aQuestion Bank For RRB :
_bGroup D/
250 _a1
260 _aVirudhunagar
_bThaai Pathippagam
_c2019
270 _bVirudhunagar
_a11A,Avalappasamy Kovil Street,
_e626001
_k9442612800
_k04562265380
300 _aiii,352p.
_c21cm(pb)
942 _2ddc
_cEN
_h000
_mQUE
999 _c210575
_d210575